| 000 | 00503nam a2200145Ia 4500 | ||
|---|---|---|---|
| 008 | 090124s9999 xx 000 0 und d | ||
| 082 |
_b133578 _a102348 |
||
| 245 | _a ओशो प्रतिभावंत ध्यानयोगी | ||
| 250 | _a1 | ||
| 260 |
_bपै शिरीष _c2005 |
||
| 300 | _a120 | ||
| 630 | _a ओशो प्रतिभावंत ध्यानयोगी | ||
| 730 | _a ओशो प्रतिभावंत ध्यानयोगी | ||
| 942 | _cBOOK | ||
| 999 |
_c179813 _d179813 |
||